00590nam a2200205 a 4500001001300000003000900013005001700022008004100039020002300080082002100103100002400124245003200148260003400180300000900214500003500223505004600258650002200304650003400326700002400360nice12345678IN_TiNIC20260116014233.0050524s1989 dela grp 000 0 eng  a8190007 c12500a306.0899145bJAI aJain, Sumitra Kumar aCaste and Politics in Bihar aDelhibCommenwealth Pubc1989 a134p aincludes index and biblioraphy2 aConclusions, Selected Bibliography, Index aCaste-India-Bihar aBihar-Government and Politics1 aJain, Sumitra Kumar